La criminología del siglo XXI en América Latina /

Guardado en:
Otros Autores: Elbert, Carlos Alberto, (coord.)
Formato: Libro
Idioma:Spanish
Publicado: Santa Fe : Rubinzal Culzoni, 1999.
Materias:
Etiquetas: Agregar Etiqueta
Sin Etiquetas, Sea el primero en etiquetar este registro!
LEADER 00477nam a22001455a 4500
001 DER.der001709
008 180615s1999####ag#||||||||||||||#||spa||
005 20260126123023.0
245 1 0 |a La criminología del siglo XXI en América Latina /  |c coordinado por Carlos Alberto Elbert. 
260 |a Santa Fe :  |b Rubinzal Culzoni,  |c 1999. 
300 |a 352 p. 
020 |a 9507272259 
700 1 |a Elbert, Carlos Alberto,  |e coord. 
650 7 |a CRIMINOLOGIA 
859 |a DERECHO  |b BIB. DERECHO  |h 364  |i ELB  |p 003053